Chủ tịch Hồ Chí Minh ở Pháp

Những năm tháng hoạt động cách mạng tìm đường cứu nước của Bác Hồ tại Pháp và thời kỳ Bác Hồ thăm Pháp năm 1946 với tư cách là chủ tịch nước Việt Nam dân chủ cộng hoà

में बचाया:
ग्रंथसूची विवरण
मुख्य लेखक: Nguyễn Thành
स्वरूप: पुस्तक
भाषा:Vietnamese
प्रकाशित: H. Thông tin lý luận 1988
विषय:
टैग : टैग जोड़ें
कोई टैग नहीं, इस रिकॉर्ड को टैग करने वाले पहले व्यक्ति बनें!
Thư viện lưu trữ: Mạng thư viện Đại học Đà Nẵng
LEADER 01236nam a22003378a 4500
001 000015668
003 12051
005 20120531090509.0
008 120531s1988 b 000 0 vieod
020 |d 5.150b 
041 0 |a vie 
082 |a 335.501  |b NG-T 
084 |a AA47  |b CH500T 
100 1 |a Nguyễn Thành 
245 1 0 |a Chủ tịch Hồ Chí Minh ở Pháp  |c Nguyễn Thành 
260 |a H.  |b Thông tin lý luận  |c 1988 
300 |a 229tr  |c 19cm 
520 |a Những năm tháng hoạt động cách mạng tìm đường cứu nước của Bác Hồ tại Pháp và thời kỳ Bác Hồ thăm Pháp năm 1946 với tư cách là chủ tịch nước Việt Nam dân chủ cộng hoà 
653 |a Hồ Chí Minh 
653 |a lịch sử 
653 |a Pháp 
OWN |a LSP 
AVA |a UDN50  |b LSP  |d 335.501 NG-T  |e available  |t Error 5001 Not defined in file expand_doc_bib_avail.  |f 1  |g 0  |h N  |i 0  |k 1 
999 |a From the UDN01 
AVA |a UDN50  |b LSP  |d 335.501 NG-T  |e available  |t Error 5001 Not defined in file expand_doc_bib_avail.  |f 1  |g 0  |h N  |i 0  |k 1 
TYP |a Monograph 
TYP |a Printed language 
980 |a Mạng thư viện Đại học Đà Nẵng